La Condanna Di Mussolini

שמור ב:
מידע ביבליוגרפי
מחבר ראשי: Gian Franco Veve'
פורמט: ספר
שפה:שפה לא ידועה
יצא לאור: Fratelli Fabri Editori
תגים: הוספת תג
אין תגיות, היה/י הראשונ/ה לתייג את הרשומה!

MARC

LEADER 00000nam a2200000Ia 4500
001 R-1077
003 CODICE-MESSINA
005 20260212102501.0
008 260211s9999 xx 000 0 und d
040 |c importazione_messina 
100 |a Gian Franco Veve' 
245 0 |a La Condanna Di Mussolini 
260 |b Fratelli Fabri Editori 
942 |2 ddc  |c BK 
952 |0 0  |1 0  |2 ddc  |4 0  |6 SCAFFALE_10_000000000000000__ROMANZI  |7 0  |9 31907  |a ME  |b ME  |d 2026-02-11  |l 0  |o SCAFFALE 10 - ROMANZI  |p R-1077  |r 2026-02-11 23:52:51  |w 2026-02-11  |x [REVISIONARE]  |y BK 
999 |c 27572  |d 27572